SQL PL SQL for oracle 8 & 8i:the database for network computing (Record no. 6516)
[ view plain ]
| 000 -LEADER | |
|---|---|
| fixed length control field | 00481 a2200157 4500 |
| 020 ## - INTERNATIONAL STANDARD BOOK NUMBER | |
| International Standard Book Number | 8177220195 |
| 040 ## - CATALOGING SOURCE | |
| Original cataloging agency | DLC |
| Language of cataloging | DLC |
| 082 ## - DEWEY DECIMAL CLASSIFICATION NUMBER | |
| Classification number | 005.7565 |
| 100 ## - MAIN ENTRY--PERSONAL NAME | |
| Personal name | Desphande, P.S. |
| 245 ## - TITLE STATEMENT | |
| Title | SQL PL SQL for oracle 8 & 8i:the database for network computing |
| Medium | P.S, Desphande. |
| 260 ## - PUBLICATION, DISTRIBUTION, ETC. | |
| Place of publication, distribution, etc. | New Delhi, India : |
| Name of publisher, distributor, etc. | Dreamtech Press, |
| Date of publication, distribution, etc. | c2000. |
| 300 ## - PHYSICAL DESCRIPTION | |
| Extent | 514 p. : |
| Other physical details | ill. ; |
| Dimensions | 24 cm. |
| 500 ## - GENERAL NOTE | |
| General note | Includes Index |
| 650 ## - SUBJECT ADDED ENTRY--TOPICAL TERM | |
| Topical term or geographic name entry element | SQL (computer program lanaguage) |
| 942 ## - ADDED ENTRY ELEMENTS (KOHA) | |
| Koha item type | Book |
| Call number prefix | 005.7565 DES |
| Source of classification or shelving scheme | |
| Withdrawn status | Lost status | Damaged status | Not for loan | Collection code | Permanent Location | Current Location | Shelving location | Date acquired | Source of acquisition | Cost, normal purchase price | Total Checkouts | Full call number | Barcode | Date last seen | Price effective from | Koha item type | Date last checked out |
|---|---|---|---|---|---|---|---|---|---|---|---|---|---|---|---|---|---|
| Central Library (CL) | Central Library (CL) | First Floor - Databases | 09/13/2001 | Pak American | 380.97 | 005.7565 DES | SEECS001368 | 11/14/2012 | 01/05/2017 | Book | |||||||
| Central Library (CL) | Central Library (CL) | First Floor - Databases | 09/13/2001 | Pak American | 380.97 | 2 | 005.7565 DES | SEECS001370 | 05/13/2015 | 01/05/2017 | Book | 05/12/2015 | |||||
| Central Library (CL) | Central Library (CL) | First Floor - Databases | 09/13/2001 | Pak American | 380.97 | 005.7565 DES | SEECS001367 | 11/14/2012 | 01/05/2017 | Book | |||||||
| Central Library (CL) | Central Library (CL) | First Floor - Databases | 09/13/2001 | Pak American | 380.97 | 005.7565 DES | SEECS001369 | 11/14/2012 | 01/05/2017 | Book | |||||||
| Central Library (CL) | Central Library (CL) | First Floor - Databases | 07/30/2001 | Pak American | 350.37 | 005.7565 DES | SEECS001106 | 11/14/2012 | 01/05/2017 | Book | |||||||
| Central Library (CL) | Central Library (CL) | First Floor - Databases | 005.7565 DES | SEECS000767 | 11/14/2012 | 11/14/2012 | Book | ||||||||||
| Central Library (CL) | Central Library (CL) | First Floor - Databases | 005.7565 DES | SEECS000769 | 11/14/2012 | 11/14/2012 | Book | ||||||||||
| Central Library (CL) | Central Library (CL) | First Floor - Databases | 005.7565 DES | SEECS000771 | 11/14/2012 | 11/14/2012 | Book |
